Текст томруулах:    
Managing financial resources (Бичлэгийн дугаар. 146018)
000 -УДИРДЛАГА
Удирдлага 00999nam a22003137a 4500
003 - ХЯНАЛТЫН ТОО ТОДОРХОЙЛОГЧ
Код MN-UlNUM
005 - БИЧИЛТ ХИЙСЭН ОГНОО
Тухайн бичилтийг бичсэн засварласан сүүлийн огноо 20251224150641.0
008 - ЕРӨНХИЙ МЭДЭЭЛЭЛ
Ерөнхий мэдээлэл 251224s1993 enk||||| |||| 00| 0 eng |
020 ## - ISBN
ISBN 075060669X
040 ## - БИЧЛЭГ ҮҮСГЭГЧ БАЙГУУЛЛАГА
Бичлэг үүсгэгч номын сангийн код МУИС-ийн номын сан
084 ## - ББК АНГИЛАЛ
Нэмэлт тусгалт Бусад
ББК ангилал 65.290-2
Зохиогчийн гурван тэмдэгт B 87
Мэдлэгийн ялгаа 65 - Эдийн засаг
100 1# - ЗОХИОГЧ
Зохиогчийн нэр Broadbent, Michael.
245 10 - ҮНДСЭН ГАРЧИГ
Номын нэр Managing financial resources
Оролцогчдын тухай мэдээ Michael Broadbent and John Cullen.
260 ## - ГАРАЛТЫН МЭДЭЭ
Хэвлэгдсэн газар Boston :
Хэвлэлийн газар Butterworth-Heinemann,
Хэвлэгдсэн он 1993.
300 ## - МАТЕРИАЛЫН ТОДОРХОЙЛОЛТ
хуудасны тоо 384 p. ;
Хэмжээ 24 cm.
500 ## - Тайлбар
Дансны дугаар БС 4717
546 ## - ХЭЛНИЙ ТУХАЙ МЭДЭЭ
Хэл Англи хэл дээр,
653 ## - Түлхүүр үг
Түлхүүр үг managerial accounting
653 ## - Түлхүүр үг
Түлхүүр үг corporations
653 ## - Түлхүүр үг
Түлхүүр үг finance
700 1# - ХАМ ЗОХИОГЧИД
Ба бус Cullen, John,
Dates associated with a name 1951-
740 ## - НОМЫН ГАРЧИГ
Гарчиг Introduction: The scope and development of accountancy in the management of financial resources
740 ## - НОМЫН ГАРЧИГ
Гарчиг External financial reporting: Published company accounting statements
740 ## - НОМЫН ГАРЧИГ
Гарчиг Assessment of company performance
740 ## - НОМЫН ГАРЧИГ
Гарчиг Cost classification
740 ## - НОМЫН ГАРЧИГ
Гарчиг Planning and control
942 ## - ЭЛЕМЕНТИЙН ТӨРӨЛ
Зүйлийн төрөл Ном